000 00315nam a22001337a 4500
008 170802b xxu||||| |||| 00| 0 eng d
020 _a9781435497788
041 _aeng
080 _a004
100 _a32
101 _aSHKI
245 _aA+ GUIDE TO MANAGING AND MAINTAINING YOUR PC
_cANDREWS, J
942 _2udc
_cBK
999 _c22490
_d22490